000
00326nam a22001457a 4500
008
221130b ||||| |||| 00| 0 eng d
020
_a
978032786654
041
_a
eng
080
_2
SIXTH EDITION
_a
611
082
_a
611 MAR
100
_a
10
101
_a
ANAT
245
_a
ANATOMY & PHYSIOLOGY
_c
MARTINI
942
_2
udc
_c
BK
999
_c
59047
_d
59047